[Event "Olympiad Women-44"]
[Site "Chennai"]
[Date "2022.08.09"]
[Round "11.2"]
[White "Wilson, Hannah"]
[Black "Berezovska, Svetlana"]
[Result "1/2-1/2"]
[WhiteElo "1556"]
[BlackElo "1781"]
[PlyCount "93"]
[EventDate "2022.07.29"]
[EventType "team-swiss"]
[EventRounds "11"]
[EventCountry "IND"]
[SourceTitle "CBM 210"]
[Source "ChessBase"]
[SourceDate "2022.10.31"]
[SourceVersion "1"]
[SourceVersionDate "2022.10.31"]
[SourceQuality "1"]
[WhiteTeam "Barbados (W)"]
[BlackTeam "Monaco (W)"]
[WhiteTeamCountry "BAR"]
[BlackTeamCountry "MNC"]

1. e4 c5 2. Nf3 e6 3. d4 cxd4 4. Nxd4 a6 5. Nc3 Qc7 6. Bd3 Nf6 7. 0-0 Bc5 8. Nb3 Be7 9. Re1 d6 10. a4 b6 11. Qf3 e5 12. Bg5 Nbd7 13. Rad1 0-0 14. Qe2 Bb7 15. Be3 Rfe8 16. Nd5 Nxd5 17. exd5 Nf6 18. c4 Bc8 19. f3 Bd7 20. Ra1 Rab8 21. Nd2 Qb7 22. b3 Ra8 23. Nf1 b5 24. axb5 axb5 25. Ng3 g6 26. Qd2 Rec8 27. Kh1 Bd8 28. Rec1 Bb6 29. Bg5 Ne8 30. Ne4 f5 31. Nf6+ Nxf6 32. Bxf6 Be8 33. Qg5 Qd7 34. g4 fxg4 35. fxg4 bxc4 36. bxc4 Bd8 37. Bxd8 Rxd8 38. Rxa8 Rxa8 39. Bf5 Qc7 40. Be6+ Bf7 41. Qf6 Bxe6 42. Qxe6+ Kg7 43. Rf1 Rf8 44. Rxf8 Kxf8 45. Qf6+ Kg8 46. g5 Qxc4 47. Qd8+ 1/2-1/2

[Event "Olympiad Women-44"]
[Site "Chennai"]
[Date "2022.08.07"]
[Round "9.2"]
[White "Kaslan, Victoria"]
[Black "Berezovska, Svetlana"]
[Result "0-1"]
[WhiteElo "1477"]
[BlackElo "1781"]
[PlyCount "58"]
[EventDate "2022.07.29"]
[EventType "team-swiss"]
[EventRounds "11"]
[EventCountry "IND"]
[SourceTitle "CBM 210"]
[Source "ChessBase"]
[SourceDate "2022.10.31"]
[SourceVersion "1"]
[SourceVersionDate "2022.10.31"]
[SourceQuality "1"]
[WhiteTeam "Surinam (W)"]
[BlackTeam "Monaco (W)"]
[WhiteTeamCountry "SUR"]
[BlackTeamCountry "MNC"]

1. e4 c5 2. Nf3 a6 3. d4 cxd4 4. Nxd4 Nf6 5. Nc3 e5 6. Nb3 Bb4 7. Qd3 d5 8. exd5 Nxd5 9. Bd2 Bxc3 10. Bxc3 Nxc3 11. Qxc3 0-0 12. Be2 Qe7 13. 0-0 Bf5 14. Bd3 Rc8 15. Qd2 Rd8 16. Qe3 Bxd3 17. cxd3 Nc6 18. a3 a5 19. Rac1 f6 20. Rfe1 Qf7 21. Nc5 Nd4 22. Ne4 Qb3 23. Qg3 Qf7 24. Rc3 Rac8 25. Rxc8 Rxc8 26. Nd6 Ne2+ 27. Kf1 Nxg3+ 28. hxg3 Qc7 29. Nxc8 Qxc8 0-1

[Event "Olympiad Women-44"]
[Site "Chennai"]
[Date "2022.08.03"]
[Round "6.3"]
[White "Berezovska, Svetlana"]
[Black "Maklakova, Nellija"]
[Result "0-1"]
[WhiteElo "1781"]
[BlackElo "1819"]
[PlyCount "72"]
[EventDate "2022.07.29"]
[EventType "team-swiss"]
[EventRounds "11"]
[EventCountry "IND"]
[SourceTitle "CBM 210"]
[Source "ChessBase"]
[SourceDate "2022.10.31"]
[SourceVersion "1"]
[SourceVersionDate "2022.10.31"]
[SourceQuality "1"]
[WhiteTeam "Monaco (W)"]
[BlackTeam "Latvia (W)"]
[WhiteTeamCountry "MNC"]
[BlackTeamCountry "LAT"]

1. e4 e6 2. d4 d5 3. Bd3 c5 4. dxc5 Bxc5 5. exd5 exd5 6. Nf3 Bg4 7. 0-0 Nc6 8. Nc3 Nge7 9. Bg5 f6 10. Bf4 0-0 11. h3 Bh5 12. Re1 Qb6 13. Bg3 Qxb2 14. Nb5 Qb4 15. Rb1 Qa5 16. Nc7 Bb4 17. c3 Bxc3 18. Rb5 Qxa2 19. Re2 Bxf3 20. gxf3 Qa1 21. Rb1 Qa5 22. Nxa8 Rxa8 23. Rxb7 Bb4 24. Qb1 Kf8 25. Ra2 Qc5 26. Bxh7 a5 27. Bd3 Rc8 28. Kg2 Nd4 29. Rd7 Qc6 30. Ra7 Qe6 31. Ra6 Qf7 32. Ra7 Qh5 33. Qd1 Nec6 34. Rd7 Re8 35. h4 Re1 36. Qa4 Qxf3+ 0-1

[Event "Olympiad Women-44"]
[Site "Chennai"]
[Date "2022.07.31"]
[Round "3.3"]
[White "Berezovska, Svetlana"]
[Black "Radikovic, Anamarija"]
[Result "1-0"]
[WhiteElo "1781"]
[BlackElo "2099"]
[PlyCount "67"]
[EventDate "2022.07.29"]
[EventType "team-swiss"]
[EventRounds "11"]
[EventCountry "IND"]
[SourceTitle "CBM 210"]
[Source "ChessBase"]
[SourceDate "2022.10.31"]
[SourceVersion "1"]
[SourceVersionDate "2022.10.31"]
[SourceQuality "1"]
[WhiteTeam "Monaco (W)"]
[BlackTeam "Croatia (W)"]
[WhiteTeamCountry "MNC"]
[BlackTeamCountry "CRO"]

1. e4 c5 2. Nf3 d6 3. d4 cxd4 4. Nxd4 Nf6 5. Nc3 a6 6. h3 e5 7. Nde2 h5 8. Bg5 Be6 9. Bxf6 Qxf6 10. Nd5 Qd8 11. Qd3 Nd7 12. 0-0-0 g6 13. Kb1 Nc5 14. Qf3 Bh6 15. Rg1 Bg5 16. g3 Rc8 17. h4 Be7 18. Qe3 Bf8 19. Nec3 Bh6 20. f4 exf4 21. Qd4 Rf8 22. Nf6+ Ke7 23. Ncd5+ Bxd5 24. Nxd5+ Ke8 25. Nf6+ Ke7 26. e5 d5 27. Nxd5+ Ke8 28. Bh3 f5 29. exf6 Rc6 30. Qe5+ Kf7 31. Ne7 Qc7 32. Nxc6 Qxc6 33. Qe7+ Kg8 34. gxf4 1-0

[Event "EU-Cup Online Gr-D (Women)"]
[Site "Tornelo INT"]
[Date "2020.12.20"]
[Round "6.1"]
[White "Pipia, Ekaterine"]
[Black "Berezovska, Svetlana"]
[Result "1-0"]
[WhiteElo "2019"]
[BlackElo "1793"]
[PlyCount "51"]
[EventDate "2020.12.19"]
[EventType "team-tourn (rapid)"]
[EventRounds "9"]
[EventCountry "ISS"]
[SourceTitle "CBM 199 Extra"]
[Source "ChessBase"]
[SourceDate "2021.01.31"]
[SourceVersion "1"]
[SourceVersionDate "2021.01.31"]
[SourceQuality "1"]
[WhiteTeam "Tbilisi Chess Academy (W)"]
[BlackTeam "Monte Carlo (W) III"]
[WhiteTeamCountry "GEO"]
[BlackTeamCountry "MNC"]

1. d4 Nf6 2. c4 e6 3. Nf3 d5 4. Nc3 Bb4 5. Bg5 0-0 6. e3 h6 7. Bh4 b6 8. cxd5 exd5 9. Bd3 Re8 10. 0-0 Bg4 11. h3 Be6 12. Rc1 c5 13. Bb1 c4 14. Qc2 g6 15. e4 Bxc3 16. e5 Bb4 17. exf6 Bf5 18. Qa4 Bxb1 19. Qxb4 Be4 20. Qd2 Kh7 21. Ne5 g5 22. Bxg5 hxg5 23. Qxg5 Bg6 24. Nxf7 Qd7 25. Qh6+ Kg8 26. Qg7# 1-0

[Event "Olympiad Women-42"]
[Site "Baku"]
[Date "2016.09.02"]
[Round "1.24"]
[White "Sikorova, Olga"]
[Black "Berezovska, Svetlana"]
[Result "1-0"]
[WhiteElo "2234"]
[BlackElo "1794"]
[PlyCount "68"]
[EventDate "2016.09.02"]
[EventType "team-swiss"]
[EventRounds "11"]
[EventCountry "AZE"]
[SourceTitle "CBM 174 Extra"]
[Source "ChessBase"]
[SourceDate "2016.10.10"]
[SourceVersion "1"]
[SourceVersionDate "2016.10.10"]
[SourceQuality "1"]
[WhiteTeam "Czech Republic (W)"]
[BlackTeam "Monaco (W)"]
[WhiteTeamCountry "CZE"]
[BlackTeamCountry "MNC"]

1. f4 Nf6 2. b3 d5 3. Nf3 Bg4 4. e3 Nbd7 5. Bb2 e6 6. Be2 Be7 7. Ne5 Bxe2 8. Qxe2 0-0 9. 0-0 Nxe5 10. fxe5 Ne4 11. d3 Nc5 12. Nd2 Nd7 13. Qg4 c5 14. Rf3 Rc8 15. c4 Qa5 16. Rf2 d4 17. exd4 cxd4 18. Nf3 Rfd8 19. Bxd4 Nb8 20. Qe4 Rxd4 21. Nxd4 Bc5 22. Raf1 Rc7 23. Kh1 Rd7 24. Nf3 Bxf2 25. Rxf2 Qc3 26. h3 Qxd3 27. Qf4 Nc6 28. Kh2 Qg6 29. a3 h6 30. b4 a6 31. c5 Qh5 32. a4 Rd5 33. g4 Qg6 34. Nh4 Qg5 1-0